书目信息 |
| 题名: |
绿洲国土空间冲突与格局优化
|
|
| 作者: | 王录仓 , 李骞国 著 | |
| 分册: | ||
| 出版信息: | 北京 科学出版社 2025.04 |
|
| 页数: | 215页 | |
| 开本: | 26cm | |
| 丛书名: | 绿洲科学丛书 | |
| 单 册: | ||
| 中图分类: | F301.24 | |
| 科图分类: | ||
| 主题词: | ||
| 电子资源: | ||
| ISBN: | 978-7-03-081687-0 | |
| 000 | 01374nam0 2200277 450 | |
| 001 | 013629079 | |
| 005 | 20251022175731.13 | |
| 010 | @a978-7-03-081687-0@dCNY188.00 | |
| 100 | @a20250528d2025 em y0chiy0120 ea | |
| 101 | 0 | @achi |
| 102 | @aCN@b110000 | |
| 105 | @ab z 000yy | |
| 106 | @ar | |
| 200 | 1 | @a绿洲国土空间冲突与格局优化@9lv zhou guo tu kong jian chong tu yu ge ju you hua@f王录仓,李骞国著 |
| 210 | @a北京@c科学出版社@d2025.04 | |
| 215 | @a215页@c地图@d26cm | |
| 225 | 1 | @a绿洲科学丛书@f冯起主编 |
| 300 | @a本书研究获以下项目支持:国家自然科学基金面上项目“绿洲城市扩张与生境质量耦合关系的多尺度检视——以河西走廊绿洲为例”、西北师范大学地理与环境科学学院 甘肃省绿洲资源环境与可持续发展重点实验室“西北师范大学绿洲科学科研成果突破行动计划项目” 甘肃省自然科学基金项目“甘肃省河西走廊绿洲土地利用冲突诊断识别与权衡优化研究” | |
| 330 | @a本书基于生态、农业、城镇三大类功能,系统研究了绿洲区功能冲突强度、类型和空间分异特征;剖析三大类功能之间的竞合关系,揭示绿洲土地利用功能冲突的驱动机制;从价值权衡、用途权衡、决策权衡三个方面优化土地利用格局;划分土地综合整治区域,提出土地利用优化调控策略。 | |
| 461 | 0 | @12001 @a绿洲科学丛书 |
| 607 | @a绿洲@x土地利用@x研究 | |
| 690 | @aF301.24@v5 | |
| 701 | 0 | @a王录仓@9wang lu cang@4著 |
| 701 | 0 | @a李骞国@9li qian guo@4著 |
| 801 | 0 | @aCN@c20250910 |
| 905 | @a河南城建学院图书馆@dF301.24@eW260@ZW260@f1 | |
| 绿洲国土空间冲突与格局优化/王录仓,李骞国著.-北京:科学出版社,2025.04 |
| 215页:地图;26cm.-(绿洲科学丛书/冯起主编) |
| 本书研究获以下项目支持:国家自然科学基金面上项目“绿洲城市扩张与生境质量耦合关系的多尺度检视——以河西走廊绿洲为例”、西北师范大学地理与环境科学学院 甘肃省绿洲资源环境与可持续发展重点实验室“西北师范大学绿洲科学科研成果突破行动计划项目” 甘肃省自然科学基金项目“甘肃省河西走廊绿洲土地利用冲突诊断识别与权衡优化研究” |
| ISBN 978-7-03-081687-0:CNY188.00 |
| 本书基于生态、农业、城镇三大类功能,系统研究了绿洲区功能冲突强度、类型和空间分异特征;剖析三大类功能之间的竞合关系,揭示绿洲土地利用功能冲突的驱动机制;从价值权衡、用途权衡、决策权衡三个方面优化土地利用格局;划分土地综合整治区域,提出土地利用优化调控策略。 |
| ● |
| 相关链接 |
|
|
|
正题名:绿洲国土空间冲突与格局优化
索取号:F301.24/W260
 
预约/预借
| 序号 | 登录号 | 条形码 | 馆藏地/架位号 | 状态 | 备注 |
| 1 | 1634408 | 216344089 | 社科库409/ [索取号:F301.24/W260] | 在馆 |